Państwa, które pokonują Indie - Statystyki

Ogólne statystyki
  • Ten quiz został rozwiązany 2 505 razy
  • Średni wynik to 9 z 17
Statystyki odpowiedzi
Ranga Kategoria Państwo % Poprawnych
4 Państwo z najwyższym maksymalnym wzniesieniem Nepal | Chiny | Pakistan
99%
10 Najwyższa zanotowana temperatura Stany Zjednoczone | Kuwejt | Irak | Iran | Pakistan | Meksyk | Arabia Saudyjska | Zjednoczone Emiraty Arabskie | Algieria | Jordania
91%
3 Największa populacja muzułmanów Indonezja | Pakistan
85%
6 (remis) Najkrótsza nazwa kraju w Azji Iran | Irak | Laos | Oman | Cypr
82%
12 Największa ilość otrzymanej pomocy zagranicznej (2021) Syria | Egipt | Bangladesz | Afganistan | Etiopia | Jemen | Sudan | Demokratyczna Republika Konga | Jordania | Nigeria | Kenia
77%
2 Najbardziej zaludniona stolica *populacja aglomeracji, zgadnij kraj, nie stolicę Japonia
71%
4 Największa liczba używanych języków Papua-Nowa Gwinea | Indonezja | Nigeria
60%
3 Najwięcej ludzi żyjących w skrajnym ubóstwie (2023) Nigeria | Demokratyczna Republika Konga
52%
4 Największa liczba zagrożonych gatunków ssaków żyjących w kraju Indonezja | Madagaskar | Meksyk
51%
2 Największa liczba owiec (2021) Chiny
50%
3 Najwięcej morderstw rocznie Brazylia | Nigeria
45%
2 Najwięcej zwycięstw w mistrzostwach świata w krykieta Australia
43%
10 Najwyższy odsetek ziemi wykorzystywanej pod uprawy Komory | Tuvalu | Bangladesz | Mołdawia | Dania | Ukraina | Rwanda | Wyspy Marshalla | Burundi
39%
4 Największa liczba dzikich słoni Botswana | Zimbabwe | Tanzania
34%
2 Największa produkcja trzciny cukrowej Brazylia
27%
4 Najniższy wskaźnik otyłości (2016) Wietnam | Bangladesz | Timor Wschodni
20%
10 Najwyższy stosunek liczby mężczyzn do liczby kobiet (2016) Watykan | Zjednoczone Emiraty Arabskie | Katar | Kuwejt | Malediwy | Oman | Arabia Saudyjska | Palau | Bhutan
19%
Nie znaleziono quizów pasujących do podanych kryteriów
Rozkład punktacji
Procent ludzi z każdym wynikiem
Percentyl według liczby udzielonych odpowiedzi
Twoja historia wyników
Nie rozwiązałeś tego quizu